000 01601nam a22004457a 4500
001 2427
003 FISKH
005 20231206111218.0
008 231206b cb ||||| |||| 00| 0 eng d
010 _a 2013021136
020 _a9781606844038 (EBook)
020 _a9780545852432
020 _z9781606843963 (hardcover)
040 _aDLC
_beng
_cDLC
_erda
_dDLC
042 _apcc
_alcac
050 0 0 _aPZ7.A49165
082 0 0 _a[Fic]
_223
100 1 _aAmato, Mary.
245 1 0 _aMissing monkey! /
_cby Mary Amato ; illustrated by Ward Jenkins.
250 _aFirst Scholastic printing, February 2015
260 _aNew York ;
_bScholastic,
_c2014
300 _a121 pages :
_billustrations ;
_c20 cm
336 _atext
_2rdacontent
337 _acomputer
_2rdamedia
338 _aonline resource
_2rdacarrier
490 0 _aGood crooks ;
_vbook 1
505 _aK
520 _aTired of being pressured to help commit crimes and yearning for a more normal life, twins Jillian and Billy band together to do good deeds while their parents kidnap a monkey from the zoo, hoping to teach it to steal. Includes activities.
521 8 _a510
_bLexile
521 8 _aK
_bRaz-Plus
588 _aDescription based on print version record and CIP data provided by publisher.
650 1 _aConduct of life
_vFiction.
650 1 _aRobbers and outlaws
_vFiction.
650 1 _aSiblings
_vFiction.
650 1 _aTwins
_vFiction.
650 1 _aFamily life
_vFiction.
700 1 _aJenkins, Ward,
_eillustrator.
906 _a7
_bcbc
_corigcop
_d1
_eecip
_f20
_gy-gencatlg
942 _2ddc
_cBK
_n0
999 _c2427
_d2427